Missing Word: Movie Antonyms II Quiz Stats

 Plays Quiz Updated Feb 16, 2016

Challenge
Share
Tweet
Embed
Score 0/20 Timer 04:00
0 Plays Today
Movie Missing Word % Correct
My Big Fat ____ WeddingGreek
97.7%
Big ____ WolfBad
95.2%
It's A Small ____World
91.2%
Pee-wee's Big ____Adventure
88%
You're A Big ____ NowBoy
86.6%
Big ____ On CampusMan
86.2%
Big Momma's ____House
85.3%
____ McPhee And The Big BangNanny
73.7%
Small ____ CrooksTime
73.2%
Small Town ____Girl
56.7%
Movie Missing Word % Correct
The Big ____Lebowski
49%
A Small ____ Of FriendsCircle
41.6%
The Big ____ OneRed
29.6%
____ Small AffairNo
22%
Visit To A Small ____Planet
11.5%
Never ____ Anything SmallSteal
11.5%
____ In Small DosesDeath
7.4%
The Big Bird ____Cage
5.7%
____ The Small PotatoesMeet
3.7%
Small Town Murder ____Songs
3.1%

Today's Daily Dose

You're not logged in!

Compare scores with friends on all Sporcle quizzes.
Join for Free
OR
Log In

You Might Also Like...

Show Comments

Extras

Top Quizzes Today


Score Distribution

Your Account Isn't Verified!

In order to create a playlist on Sporcle, you need to verify the email address you used during registration. Go to your Sporcle Settings to finish the process.

Report this User

Report this user for behavior that violates our Community Guidelines.

Details: